Politická kultúra a politické prostredie

Podrobná bibliografia
Hlavný autor: Bárány, Eduard, 1955- (Autor)
Médium: Článok
Jazyk:slovenčina
Fyzický popis:Res. rus., angl., lit. 17 zázn. v slov., češ., ruš., angl., nem.
Predmet:

MARC

LEADER 00000nab a2200000 a 4500
001 vtls000271197
003 SK-MaSNL
005 20260304060509.0
008 250422c1986 xo 0 slo
015 |a SNBRB19rr/mm-uuuuu 
035 |a CL0281311 
035 |a urn:nbn:sk:snk-ab2urj 
035 |a (urnnbn)urn:nbn:sk:snk:ar-a02yyi 
035 |a (uuid)0fa4ed2b-7fc6-4945-a014-3df84afeeb13 
040 |a SNKBUCL  |b slo  |c SNKBUCL  |e AACR2 
041 0 |a slo 
044 |a xo  |c SK 
080 |a 32:008  |2 1981 
080 |a 008  |2 1981 
080 |a 32  |2 1981 
100 1 |a Bárány, Eduard,  |d 1955-  |4 aut  |9 238602 
245 1 0 |a Politická kultúra a politické prostredie  |c Eduard Bárány 
300 |b Res. rus., angl., lit. 17 zázn. v slov., češ., ruš., angl., nem. 
650 0 7 |a politická kultúra  |2 snkbucl  |9 4737 
650 0 7 |a prostredie politické  |2 snkbucl  |9 1343836 
655 7 |a články z novín a časopisov  |2 snkbucl  |9 267496 
773 0 |t Právny obzor  |g Roč. 69, č. 10 (1986), s. 865-874 
850 |a Slovenská národná knižnica 
852 |a Slovenská národná knižnica 
954 |a odborná, vedecká literatúra pôvodná (slovenská)  |2 lita 
958 |a article27 
958 |a NB 
958 |a RK 
958 |a OND 
958 |a EUIPO 
992 |a RBX 
999 |c 2728813  |d 2730743